[Event "24. Torneo San Viator"]
[Site "Madrid ESP"]
[Date "2015.03.22"]
[Round "1.1"]
[White "Rodriguez Orgaz, Cesar"]
[Black "Elissalt Cardenas, Hector"]
[Result "0-1"]
[WhiteElo "1868"]
[BlackElo "2337"]
[PlyCount "87"]
[EventDate "2015.03.22"]
[EventType "swiss"]
[EventRounds "9"]
[EventCountry "ESP"]
[Source "lmi"]
[SourceDate "2015.03.22"]

1. d4 d5 2. Nf3 Nf6 3. c4 c6 4. Nc3 a6 5. cxd5 cxd5 6. g3 Nc6 7. Bg2 Bf5 8. O-O
e6 9. h3 h6 10. Bf4 Be7 11. Re1 O-O 12. Ne5 Rc8 13. g4 Bh7 14. Qd2 Ne4 15. Nxe4
Bxe4 16. Nxc6 Rxc6 17. Rec1 Bxg2 18. Kxg2 Qb6 19. Rxc6 bxc6 20. Rc1 Rc8 21. a3
a5 22. Rc3 a4 23. Rd3 Qb5 24. Rc3 c5 25. dxc5 Rxc5 26. Be5 f6 27. Bd4 Rxc3 28.
Bxc3 e5 29. e3 Qc4 30. Qd1 Kf7 31. Qf1 Qc6 32. Bb4 d4+ 33. Kg1 dxe3 34. fxe3
Qe4 35. Qc1 Bxb4 36. axb4 Qxb4 37. Qc7+ Kg6 38. Qc2+ e4 39. Kf2 h5 40. gxh5+
Kxh5 41. Qe2+ Kh6 42. Kg3 Qd6+ 43. Kh4 Qe5 44. Qg4 0-1

[Event "24. Torneo San Viator"]
[Site "Madrid ESP"]
[Date "2015.03.22"]
[Round "1.2"]
[White "Fernandez Lledo, Javier"]
[Black "Fernandez Sanchez, Lorenzo"]
[Result "1-0"]
[WhiteElo "2256"]
[BlackElo "1833"]
[PlyCount "85"]
[EventDate "2015.03.22"]
[EventType "swiss"]
[EventRounds "9"]
[EventCountry "ESP"]
[Source "lmi"]
[SourceDate "2015.03.22"]

1. e4 c6 2. d4 d5 3. e5 Bf5 4. h4 h5 5. Bg5 Qb6 6. Bd3 Bxd3 7. Qxd3 e6 8. Nd2
Ne7 9. Ne2 Nf5 10. c4 Be7 11. Rc1 Qd8 12. Bxe7 Qxe7 13. cxd5 Nxh4 14. g3 Ng6
15. d6 Qd8 16. f4 Nd7 17. Rf1 h4 18. f5 Ngxe5 19. dxe5 Nxe5 20. Qd4 Qa5 21.
fxe6 fxe6 22. Nc3 Rh5 23. g4 Rg5 24. d7+ Nxd7 25. Nc4 Qc7 26. Nd6+ Ke7 27. Rf7+
Kd8 28. Rxd7+ Qxd7 29. Nf7+ Kc7 30. Qxd7+ Kxd7 31. Nxg5 Rf8 32. Rd1+ Ke7 33.
Rd4 c5 34. Re4 Rh8 35. Rxe6+ Kd7 36. Re3 Kc6 37. Kf2 Rd8 38. Re6+ Kc7 39. Nce4
Rd5 40. Re7+ Kc6 41. Rxg7 c4 42. Rg6+ Kc7 43. Ne6+ 1-0

[Event "24. Torneo San Viator"]
[Site "Madrid ESP"]
[Date "2015.03.22"]
[Round "1.3"]
[White "Martin Espeja, Jorge J"]
[Black "Cervino Rossel, Cristobal"]
[Result "0-1"]
[WhiteElo "1830"]
[BlackElo "2102"]
[PlyCount "102"]
[EventDate "2015.03.22"]
[EventType "swiss"]
[EventRounds "9"]
[EventCountry "ESP"]
[Source "lmi"]
[SourceDate "2015.03.22"]

1. e4 Nf6 2. e5 Nd5 3. d4 d6 4. f4 dxe5 5. fxe5 Nc6 6. c4 Nb6 7. Be3 Bf5 8. Nc3
e6 9. Be2 Nb4 10. Rc1 c5 11. dxc5 Qxd1+ 12. Nxd1 Nd7 13. a3 Nc2+ 14. Kd2 Nxe3
15. Nxe3 Nxc5 16. Nxf5 Nb3+ 17. Kc2 Nxc1 18. Nd6+ Bxd6 19. exd6 Nxe2 20. Nxe2
Rc8 21. Kb3 Rc6 22. Nc3 Rxd6 23. Ne4 Rd4 24. Re1 O-O 25. c5 Rfd8 26. Nd6 b6 27.
Nb7 Rc8 28. Nd6 Rxc5 29. Ne4 Rc7 30. Re2 h6 31. g3 Rcd7 32. Kc3 e5 33. g4 Rc7+
34. Kb3 f6 35. Re3 Rc8 36. Ng3 Rxg4 37. h3 Rd4 38. Nf5 Rd7 39. Rg3 Kh7 40. Nh4
e4 41. Rg2 Rd3+ 42. Ka2 Rxh3 43. Nf5 Rc7 44. Re2 e3 45. Kb3 g6 46. Nd6 Rc6 47.
Nb5 f5 48. Nd4 Rf6 49. Kc3 f4 50. Kd3 f3 51. Rxe3 f2 0-1

[Event "24. Torneo San Viator"]
[Site "Madrid ESP"]
[Date "2015.03.22"]
[Round "1.4"]
[White "Unciti Juan, Javier"]
[Black "Martinez Rubio, Felipe"]
[Result "1-0"]
[WhiteElo "2096"]
[BlackElo "1793"]
[PlyCount "75"]
[EventDate "2015.03.22"]
[EventType "swiss"]
[EventRounds "9"]
[EventCountry "ESP"]
[Source "lmi"]
[SourceDate "2015.03.22"]

1. e4 e6 2. d3 d5 3. Nd2 dxe4 4. dxe4 Nc6 5. Ngf3 Be7 6. g3 Nf6 7. Bg2 O-O 8.
e5 Nd5 9. O-O a6 10. Qe2 h6 11. Rd1 Qe8 12. c4 Nb6 13. Ne4 Nd7 14. Nc3 Rb8 15.
a3 Nc5 16. b4 Nb3 17. Rb1 Nxc1 18. Rbxc1 Na7 19. Ne4 Bd7 20. Qe3 b6 21. g4 Ba4
22. Re1 Rd8 23. h4 Bc6 24. g5 Bxe4 25. Qxe4 h5 26. Qb7 Nc6 27. Qxc7 Rb8 28.
Rcd1 a5 29. b5 Rc8 30. Qxb6 Bd8 31. Qe3 Ne7 32. Qe4 Nf5 33. Bh3 g6 34. Bxf5
exf5 35. Qd5 Bc7 36. e6 Rd8 37. exf7+ Rxf7 38. Rxe8+ 1-0

[Event "24. Torneo San Viator"]
[Site "Madrid ESP"]
[Date "2015.03.22"]
[Round "1.5"]
[White "Cujba, Anca-Claudia"]
[Black "Aguado Solana, Juan"]
[Result "0-1"]
[WhiteElo "1787"]
[BlackElo "2090"]
[PlyCount "42"]
[EventDate "2015.03.22"]
[EventType "swiss"]
[EventRounds "9"]
[EventCountry "ESP"]
[Source "lmi"]
[SourceDate "2015.03.22"]

1. e4 c5 2. c3 d5 3. exd5 Qxd5 4. d4 cxd4 5. cxd4 Nc6 6. Nf3 e5 7. Nc3 Bb4 8.
Bd2 Bxc3 9. Bxc3 Bg4 10. dxe5 Nge7 11. Qa4 Bxf3 12. gxf3 Qxf3 13. Rg1 Nd5 14.
Bd2 Nb6 15. Qh4 Rd8 16. Bb5 Qd5 17. Bxc6+ bxc6 18. O-O-O Qxa2 19. Rxg7 Nc4 20.
Bc3 Qa1+ 21. Kc2 Qxd1# 0-1

[Event "24. Torneo San Viator"]
[Site "Madrid ESP"]
[Date "2015.03.22"]
[Round "1.6"]
[White "Fernandez Gil, Ruben Carlos"]
[Black "Barahona Torrijos, Angel"]
[Result "1-0"]
[WhiteElo "2079"]
[BlackElo "1782"]
[PlyCount "47"]
[EventDate "2015.03.22"]
[EventType "swiss"]
[EventRounds "9"]
[EventCountry "ESP"]
[Source "lmi"]
[SourceDate "2015.03.22"]

1. e4 e5 2. f4 Nf6 3. fxe5 Nxe4 4. Nf3 d5 5. d3 Nc5 6. d4 Ne4 7. Bd3 c5 8. Nbd2
Bf5 9. O-O Nc6 10. Qe1 cxd4 11. Nxe4 dxe4 12. Bxe4 Bxe4 13. Qxe4 Be7 14. Qg4
Qd5 15. Bg5 Qe6 16. Qxe6 fxe6 17. Rad1 Rd8 18. Rd3 Bxg5 19. Nxg5 Nxe5 20. Rb3
Ng4 21. Rxb7 Ne3 22. Rff7 Rd6 23. Rfe7+ Kd8 24. Nf7+ 1-0

[Event "24. Torneo San Viator"]
[Site "Madrid ESP"]
[Date "2015.03.22"]
[Round "1.7"]
[White "Linares Leyva, David"]
[Black "Cabanas Bravo, Juan Andres"]
[Result "0-1"]
[WhiteElo "1782"]
[BlackElo "2054"]
[PlyCount "148"]
[EventDate "2015.03.22"]
[EventType "swiss"]
[EventRounds "9"]
[EventCountry "ESP"]
[Source "lmi"]
[SourceDate "2015.03.22"]

1. Nf3 Nf6 2. c4 g6 3. g3 Bg7 4. Bg2 O-O 5. O-O d5 6. cxd5 Nxd5 7. Nc3 c5 8. a3
Nc6 9. Qc2 Nb6 10. d3 Bg4 11. Be3 Nd4 12. Bxd4 cxd4 13. Ne4 Rc8 14. Qd1 Qd7 15.
Rc1 Na4 16. Qb3 b6 17. Qb4 a5 18. Qd2 Qb5 19. b4 Nc3 20. Nxd4 Nxe4 21. dxe4
Bxd4 22. Qxd4 Bxe2 23. Rfe1 e5 24. Qd5 axb4 25. Qxb5 Bxb5 26. axb4 Rc4 27. Rxc4
Bxc4 28. Bf1 Rc8 29. Rc1 Be6 30. Rxc8+ Bxc8 31. Bc4 Kg7 32. f3 f5 33. Kf2 f4
34. gxf4 exf4 35. Ke2 Kf6 36. Kd3 Ke5 37. h4 Bh3 38. Kc3 h6 39. Be2 Bd7 40. Bc4
Ba4 41. Be2 Bc6 42. Bc4 g5 43. hxg5 hxg5 44. Bf1 g4 45. fxg4 Kxe4 46. Bg2+ f3
47. Bf1 Kf4 48. Kd4 Kxg4 49. Ke3 Kg3 50. Bd3 Kg2 51. Bc4 f2 52. Bd3 f1=Q 53.
Bxf1+ Kxf1 54. Kd2 Kf2 55. Kd3 Ke1 56. Kc2 Ke2 57. Kc3 Kd1 58. Kd3 Kc1 59. Kc3
Bb5 60. Kb3 Kd2 61. Kb2 Bc4 62. b5 Bxb5 63. Kb3 Ba6 64. Kb2 Kd3 65. Kb3 Kd4 66.
Kb4 Bc4 67. Ka3 Kc5 68. Ka4 b5+ 69. Ka3 b4+ 70. Kb2 Kb5 71. Kc2 Ka4 72. Kb2 Be6
73. Kc2 Ka3 74. Kb1 b3 0-1

[Event "24. Torneo San Viator"]
[Site "Madrid ESP"]
[Date "2015.03.22"]
[Round "1.8"]
[White "Lopez De Turiso, Jose Angel"]
[Black "Garces Adan, Jose A"]
[Result "1-0"]
[WhiteElo "2046"]
[BlackElo "1776"]
[PlyCount "85"]
[EventDate "2015.03.22"]
[EventType "swiss"]
[EventRounds "9"]
[EventCountry "ESP"]
[Source "lmi"]
[SourceDate "2015.03.22"]

1. d4 d5 2. Nf3 Nf6 3. c4 e6 4. Bg5 Be7 5. e3 O-O 6. Nc3 b6 7. cxd5 Nxd5 8.
Nxd5 exd5 9. Bxe7 Qxe7 10. Qa4 Bd7 11. Qb3 c6 12. Bd3 Be6 13. Rc1 h6 14. O-O c5
15. dxc5 bxc5 16. Qa3 Nd7 17. b3 Bg4 18. Be2 Qe6 19. Rc2 Bf5 20. Rd2 Nf6 21.
Rc1 Ne4 22. Rdd1 Rfe8 23. Rf1 Bg4 24. Rc2 Bf5 25. Bd3 Rac8 26. Nd2 Qg6 27. Bxe4
dxe4 28. Kh1 Qg4 29. Nc4 Re6 30. Rg1 Rd8 31. Qc1 h5 32. Rd2 Rd3 33. Nb2 Rg6 34.
Nxd3 exd3 35. f3 Qg5 36. Qxc5 Qf6 37. e4 Bh3 38. Rxd3 Rg5 39. Qd4 Qa6 40. Qd8+
Kh7 41. Qxg5 Bxg2+ 42. Rxg2 Qxd3 43. Qxg7# 1-0

[Event "24. Torneo San Viator"]
[Site "Madrid ESP"]
[Date "2015.03.22"]
[Round "1.9"]
[White "Del Noval Nemeshazi, Nesztor"]
[Black "Andalon Gomez, Carlos J"]
[Result "0-1"]
[WhiteElo "1770"]
[BlackElo "2022"]
[PlyCount "78"]
[EventDate "2015.03.22"]
[EventType "swiss"]
[EventRounds "9"]
[EventCountry "ESP"]
[Source "lmi"]
[SourceDate "2015.03.22"]

1. e4 c6 2. Nc3 d5 3. Qe2 dxe4 4. Nxe4 e6 5. d3 Nd7 6. g3 Ngf6 7. Bg2 Nxe4 8.
dxe4 Bd6 9. Be3 Qc7 10. O-O-O O-O 11. f4 f6 12. Qd3 Be7 13. Nf3 e5 14. f5 Kh8
15. h4 c5 16. g4 c4 17. Qc3 b5 18. Nd2 Nc5 19. Bxc5 Bxc5 20. g5 Ba6 21. Qg3 b4
22. h5 fxg5 23. h6 Rf6 24. hxg7+ Qxg7 25. Qxe5 Rc8 26. c3 bxc3 27. Qxc3 Rfc6
28. e5 Rb6 29. f6 Qf7 30. Ne4 Bb4 31. Nxg5 Qg6 32. Be4 Qxg5+ 33. Kc2 Bxc3 34.
Rxh7+ Kg8 35. Bd5+ Kxh7 36. Rh1+ Kg6 37. Be4+ Kf7 38. Rh7+ Kg8 39. Rg7+ Qxg7
0-1

[Event "24. Torneo San Viator"]
[Site "Madrid ESP"]
[Date "2015.03.22"]
[Round "1.10"]
[White "Lozano Freras, Sergio"]
[Black "Sirera Ripoll, Jose"]
[Result "1-0"]
[WhiteElo "1992"]
[BlackElo "1765"]
[PlyCount "59"]
[EventDate "2015.03.22"]
[EventType "swiss"]
[EventRounds "9"]
[EventCountry "ESP"]
[Source "lmi"]
[SourceDate "2015.03.22"]

1. Nf3 c5 2. g3 g6 3. Bg2 Bg7 4. O-O d5 5. d3 Nf6 6. Nbd2 Nc6 7. e4 O-O 8. Re1
Bg4 9. h3 dxe4 10. hxg4 exf3 11. Bxf3 Nd5 12. Ne4 Rc8 13. Kg2 Nd4 14. Rh1 Nxf3
15. Qxf3 Rc6 16. Bh6 f5 17. Ng5 fxg4 18. Qxg4 Nf6 19. Qc4+ e6 20. Nxe6 Rxe6 21.
Qxe6+ Kh8 22. Bxg7+ Kxg7 23. Rae1 Qd4 24. Qe5 Qb4 25. Rh4 Qb6 26. Qc3 Kg8 27.
Qc4+ Kh8 28. Rf4 Rd8 29. Re6 Rd6 30. Rfxf6 1-0

[Event "24. Torneo San Viator"]
[Site "Madrid ESP"]
[Date "2015.03.22"]
[Round "1.11"]
[White "Martin Lozano, Miguel Angel"]
[Black "Tome Vazquez, Oscar"]
[Result "0-1"]
[WhiteElo "1758"]
[BlackElo "1987"]
[PlyCount "106"]
[EventDate "2015.03.22"]
[EventType "swiss"]
[EventRounds "9"]
[EventCountry "ESP"]
[Source "lmi"]
[SourceDate "2015.03.22"]

1. d4 g6 2. Bf4 Bg7 3. e3 d6 4. Nf3 Nd7 5. Be2 a6 6. O-O e6 7. c4 b6 8. Nc3 Ne7
9. Rc1 O-O 10. Re1 h6 11. b4 Nf6 12. h3 Bb7 13. Qc2 a5 14. b5 g5 15. Bh2 Ng6
16. Nd2 Nh4 17. e4 Nd7 18. g3 Ng6 19. Nf3 h5 20. Qd2 g4 21. Ng5 Bxd4 22. hxg4
Bf6 23. gxh5 Bxg5 24. f4 Nxf4 25. gxf4 Bh6 26. Kf2 Nc5 27. Rg1+ Kh7 28. Bd3 e5
29. Nd5 Bxd5 30. cxd5 Qh4+ 31. Bg3 Bxf4 32. Bxh4 Bxd2 33. Rxc5 bxc5 34. Be2 Bc3
35. Kf1 Rg8 36. Bg4 Kh6 37. a4 Bd2 38. Bf6 Bg5 39. Bxg5+ Rxg5 40. Ke2 Rag8 41.
Kf3 Rxh5 42. Rb1 Rhg5 43. Rh1+ Kg7 44. Bf5 Kf8 45. Rh3 Rg1 46. Rh7 Rf1+ 47. Ke2
Ra1 48. Be6 fxe6 49. Rxc7 exd5 50. exd5 Rxa4 51. b6 Rb4 52. b7 a4 53. Rc8+ Kg7
0-1

[Event "24. Torneo San Viator"]
[Site "Madrid ESP"]
[Date "2015.03.22"]
[Round "1.12"]
[White "Julian Serra, Rogelio"]
[Black "De Vicente Guijarro, Juan"]
[Result "1-0"]
[WhiteElo "1984"]
[BlackElo "1757"]
[PlyCount "55"]
[EventDate "2015.03.22"]
[EventType "swiss"]
[EventRounds "9"]
[EventCountry "ESP"]
[Source "lmi"]
[SourceDate "2015.03.22"]

1. c4 f5 2. g3 Nf6 3. Bg2 g6 4. Nf3 Bg7 5. Nc3 O-O 6. O-O d6 7. d3 e5 8. Rb1
Nc6 9. Bg5 h6 10. Bxf6 Qxf6 11. b4 Ne7 12. Nd2 g5 13. b5 c6 14. bxc6 bxc6 15.
Qa4 Be6 16. Rb7 e4 17. dxe4 Qxc3 18. Rxe7 Bf7 19. Qd1 d5 20. cxd5 fxe4 21. Nxe4
Qb4 22. d6 Bd5 23. Qb1 Qa3 24. Nf6+ Rxf6 25. Qb7 Qxd6 26. Rxg7+ Kf8 27. Bxd5
cxd5 28. Rh7 1-0

[Event "24. Torneo San Viator"]
[Site "Madrid ESP"]
[Date "2015.03.22"]
[Round "1.13"]
[White "Rodriguez Varela, Alvaro"]
[Black "De Miguel Martin, Jorge"]
[Result "1-0"]
[WhiteElo "1745"]
[BlackElo "2013"]
[PlyCount "33"]
[EventDate "2015.03.22"]
[EventType "swiss"]
[EventRounds "9"]
[EventCountry "ESP"]
[Source "lmi"]
[SourceDate "2015.03.22"]

1. e4 e5 2. Nf3 Nf6 3. Nc3 Nc6 4. d4 exd4 5. Nxd4 Bb4 6. Nxc6 Bxc3+ 7. bxc3
bxc6 8. Qd4 h6 9. Bd3 d6 10. O-O c5 11. Qe3 Ng4 12. Qg3 Qf6 13. f4 h5 14. h3
Nh6 15. Rb1 O-O 16. Bd2 Re8 17. Bb5 1-0

[Event "24. Torneo San Viator"]
[Site "Madrid ESP"]
[Date "2015.03.22"]
[Round "1.15"]
[White "Montero Montero, Juan Jose"]
[Black "Mazo Fernandez, Roberto"]
[Result "0-1"]
[WhiteElo "1732"]
[BlackElo "1966"]
[PlyCount "60"]
[EventDate "2015.03.22"]
[EventType "swiss"]
[EventRounds "9"]
[EventCountry "ESP"]
[Source "lmi"]
[SourceDate "2015.03.22"]

1. e4 c5 2. Nf3 d6 3. Bb5+ Bd7 4. Bxd7+ Qxd7 5. c4 g6 6. Nc3 Bg7 7. d3 Nc6 8.
Be3 e6 9. Qd2 Rb8 10. O-O Nge7 11. Rab1 O-O 12. Bh6 a6 13. Bxg7 Kxg7 14. d4
cxd4 15. Nxd4 Rfd8 16. Rfd1 Kg8 17. b4 Ne5 18. Qe2 Qc7 19. Rdc1 Qxc4 20. Qe3
Nd3 21. Nd5 Nxd5 22. Rxc4 Nxe3 23. fxe3 Rbc8 24. Rxc8 Rxc8 25. b5 e5 26. Nf3
axb5 27. Kf1 Rc1+ 28. Rxc1 Nxc1 29. a3 Kf8 30. Ke1 Nd3+ 0-1

[Event "24. Torneo San Viator"]
[Site "Madrid ESP"]
[Date "2015.03.22"]
[Round "1.16"]
[White "Garcia Galeote, Lorenzo"]
[Black "Serrano Gonzalez, Oscar"]
[Result "1-0"]
[WhiteElo "1961"]
[BlackElo "1725"]
[PlyCount "55"]
[EventDate "2015.03.22"]
[EventType "swiss"]
[EventRounds "9"]
[EventCountry "ESP"]
[Source "lmi"]
[SourceDate "2015.03.22"]

1. d4 d5 2. Nf3 Nf6 3. e3 Bf5 4. c4 e6 5. Nc3 c6 6. Bd3 Bxd3 7. Qxd3 Bd6 8. O-O
Nbd7 9. b3 Rc8 10. Bb2 O-O 11. Rfd1 Bb8 12. e4 Qc7 13. e5 Nh5 14. Rac1 Nb6 15.
Ba3 Rfe8 16. cxd5 Nxd5 17. Ng5 g6 18. Nxd5 exd5 19. Qh3 h6 20. g4 hxg5 21. gxh5
Kg7 22. hxg6 Kxg6 23. f4 f5 24. fxg5 Rh8 25. Qf3 Qa5 26. Rf1 Qd2 27. Qxf5+ Kh5
28. Rf4 1-0

[Event "24. Torneo San Viator"]
[Site "Madrid ESP"]
[Date "2015.03.22"]
[Round "1.17"]
[White "San Felipe Gonzalez, Tomas"]
[Black "Gueler Berdasco, Martin"]
[Result "1-0"]
[WhiteElo "1724"]
[BlackElo "1917"]
[PlyCount "105"]
[EventDate "2015.03.22"]
[EventType "swiss"]
[EventRounds "9"]
[EventCountry "ESP"]
[Source "lmi"]
[SourceDate "2015.03.22"]

1. d4 Nf6 2. c4 g6 3. Nc3 Bg7 4. e4 d6 5. f3 O-O 6. Be3 e5 7. d5 Nh5 8. Bd3 f5
9. exf5 gxf5 10. Nge2 e4 11. fxe4 f4 12. Bf2 f3 13. gxf3 Rxf3 14. Nd4 Rxf2 15.
Kxf2 Bxd4+ 16. Ke1 Qg5 17. Be2 Be3 18. Bxh5 Qh4+ 19. Ke2 Qf2+ 20. Kd3 Na6 21.
Ne2 Nc5+ 22. Kc2 Bf5 23. Qg1+ Kh8 24. Qxf2 Bxe4+ 25. Kc3 Bxf2 26. Rhf1 Be3 27.
Rf7 Rg8 28. Ng3 Bg2 29. Re1 Bg5 30. b4 Na6 31. Re2 Bh3 32. Ref2 Bh6 33. Nf5 Bf8
34. Ne7 Bxe7 35. Rxe7 Rg5 36. Rf8+ Rg8 37. Rxg8+ Kxg8 38. Re8+ Kg7 39. Ra8 Kh6
40. Be8 c5 41. dxc6 bxc6 42. Bxc6 Nc7 43. Rxa7 Ne6 44. Be4 Ng5 45. Bd5 Bf5 46.
Ra6 Be4 47. Rxd6+ Kg7 48. Rd7+ Kf6 49. Bxe4 Nxe4+ 50. Kd4 Ng5 51. c5 Ke6 52.
Rg7 Kf6 53. Rxg5 1-0

[Event "24. Torneo San Viator"]
[Site "Madrid ESP"]
[Date "2015.03.22"]
[Round "1.18"]
[White "Cano Mercado, Francisco Manuel"]
[Black "Munoz Cebey, Ricardo"]
[Result "1-0"]
[WhiteElo "1873"]
[BlackElo "1723"]
[PlyCount "59"]
[EventDate "2015.03.22"]
[EventType "swiss"]
[EventRounds "9"]
[EventCountry "ESP"]
[Source "lmi"]
[SourceDate "2015.03.22"]

1. e4 c6 2. d4 d5 3. exd5 cxd5 4. c4 Nf6 5. Nc3 e6 6. Nf3 Bb4 7. Bd3 dxc4 8.
Bxc4 O-O 9. O-O Nc6 10. Bg5 Be7 11. Qd2 a6 12. a4 Nb4 13. Rad1 Nbd5 14. Ne5
Nxc3 15. bxc3 Ne4 16. Bxe7 Qxe7 17. Qe3 Nd6 18. Bd3 Bd7 19. a5 Rac8 20. c4 Rfd8
21. Rfe1 Be8 22. Qh3 g6 23. Qh6 Qf8 24. Qf4 Qg7 25. d5 exd5 26. cxd5 Rc5 27.
Ng4 f5 28. Qg5 Nf7 29. Qe7 Rcxd5 30. Nf6+ 1-0

[Event "24. Torneo San Viator"]
[Site "Madrid ESP"]
[Date "2015.03.22"]
[Round "1.19"]
[White "Andres Rodriguez, Florencio"]
[Black "Perez Bruni, Alfredo"]
[Result "0-1"]
[WhiteElo "1542"]
[BlackElo "1705"]
[PlyCount "56"]
[EventDate "2015.03.22"]
[EventType "swiss"]
[EventRounds "9"]
[EventCountry "ESP"]
[Source "lmi"]
[SourceDate "2015.03.22"]

1. d4 e6 2. c4 f5 3. Nc3 Nf6 4. e3 Be7 5. Nf3 b6 6. g3 Bb7 7. Bg2 O-O 8. O-O
Ne4 9. Qc2 d5 10. Ne5 Nd7 11. Nxe4 Nxe5 12. dxe5 fxe4 13. Rd1 Qc8 14. b3 c6 15.
a4 Qe8 16. Ba3 Bxa3 17. Rxa3 Qh5 18. Qb2 Qxd1+ 19. Bf1 Rad8 20. Ra1 Qh5 21. Be2
Qf7 22. Rf1 Qe7 23. Bg4 Bc8 24. h4 c5 25. Qe2 d4 26. exd4 Rxd4 27. Qe3 h6 28.
Bh3 Rf3 0-1

[Event "24. Torneo San Viator"]
[Site "Madrid ESP"]
[Date "2015.03.22"]
[Round "1.21"]
[White "Garcia Rojas, Juan Carlos"]
[Black "Benitez Cadenas, Luis Miguel"]
[Result "0-1"]
[WhiteElo "1528"]
[BlackElo "1678"]
[PlyCount "122"]
[EventDate "2015.03.22"]
[EventType "swiss"]
[EventRounds "9"]
[EventCountry "ESP"]
[Source "lmi"]
[SourceDate "2015.03.22"]

1. e4 d5 2. exd5 Qxd5 3. Nc3 Qa5 4. d3 Nf6 5. Bd2 Qb6 6. b3 Bg4 7. Be2 Bxe2 8.
Qxe2 g6 9. Nf3 Bg7 10. Rb1 Nc6 11. O-O O-O 12. Rfe1 Rfe8 13. Na4 Qb5 14. d4
Qxe2 15. Rxe2 Rad8 16. c3 Nd7 17. Rbe1 e5 18. d5 Ne7 19. c4 b5 20. Nc3 bxc4 21.
bxc4 c6 22. d6 Nf5 23. Ne4 c5 24. Ba5 Nb6 25. Bxb6 axb6 26. Rd1 Nd4 27. Nxd4
exd4 28. d7 Re6 29. Ng3 Rxe2 30. Nxe2 Rxd7 31. Nf4 Ra7 32. Nd5 Rxa2 33. Nxb6
Rc2 34. g3 Be5 35. Kg2 Bc7 36. Nd5 Ba5 37. Nf6+ Kg7 38. Ne8+ Kf8 39. Nd6 Ke7
40. Nb7 Bb4 41. Ra1 d3 42. Na5 Bxa5 43. Rxa5 Rxc4 44. Kf3 Rd4 45. Ra1 Kd6 46.
Ke3 Kd5 47. Kd2 c4 48. Ra5+ Ke4 49. Ra7 Rd5 50. Ra4 Kd4 51. Ra3 Re5 52. Ra7 c3+
53. Kd1 c2+ 54. Kd2 Re2+ 55. Kc1 Rxf2 56. Rd7+ Ke3 57. Re7+ Kf3 58. Rxf7+ Kg2
59. Rc7 Kxh2 60. Rxh7+ Kxg3 61. Rd7 Rd2 0-1

[Event "24. Torneo San Viator"]
[Site "Madrid ESP"]
[Date "2015.03.22"]
[Round "1.22"]
[White "Vega De Alba, Miguel"]
[Black "Ortega Palacios, Alejandro"]
[Result "1-0"]
[WhiteElo "1670"]
[BlackElo "1524"]
[PlyCount "109"]
[EventDate "2015.03.22"]
[EventType "swiss"]
[EventRounds "9"]
[EventCountry "ESP"]
[Source "lmi"]
[SourceDate "2015.03.22"]

1. d4 d5 2. c4 c6 3. cxd5 cxd5 4. Nc3 Nf6 5. Nf3 Nc6 6. Bf4 e6 7. e3 Bb4 8. Bd3
O-O 9. O-O a6 10. Rc1 Bd7 11. Ne5 Rc8 12. Na4 Qa5 13. Nxd7 Nxd7 14. a3 Be7 15.
b4 Qd8 16. Nc5 Nxc5 17. bxc5 b5 18. a4 Nb4 19. axb5 Nxd3 20. Qxd3 axb5 21. Qxb5
Re8 22. Ra1 Bg5 23. Bd6 Be7 24. Ra6 Bxd6 25. Rxd6 Qc7 26. Rd7 Qc6 27. Qxc6 Rxc6
28. Rb1 g6 29. Rbb7 Rf8 30. Rb6 Rxb6 31. cxb6 Rb8 32. b7 Kg7 33. Kf1 h5 34. Ke2
Kf8 35. Rc7 Kg7 36. Kd2 Kf6 37. Kc3 Kf5 38. Kb4 e5 39. dxe5 Kxe5 40. Rxf7 Ke4
41. Kb5 Kd3 42. Rc7 Ke2 43. Rf7 Kf1 44. g3 Kg2 45. h4 Rxb7+ 46. Rxb7 Kxf2 47.
Kc6 Kxg3 48. Rb4 Kf3 49. Kxd5 Kxe3 50. Ke5 Kf3 51. Kf6 g5 52. hxg5 Kg3 53. g6
h4 54. Rxh4 Kxh4 55. g7 1-0

[Event "24. Torneo San Viator"]
[Site "Madrid ESP"]
[Date "2015.03.22"]
[Round "1.23"]
[White "Cortijo Manso, Luis"]
[Black "Villaverde Casaluenga, Jose"]
[Result "1-0"]
[WhiteElo "1523"]
[BlackElo "1663"]
[PlyCount "139"]
[EventDate "2015.03.22"]
[EventType "swiss"]
[EventRounds "9"]
[EventCountry "ESP"]
[Source "lmi"]
[SourceDate "2015.03.22"]

1. Nf3 Nf6 2. c4 g6 3. g3 Bg7 4. Bg2 O-O 5. O-O d6 6. d4 c6 7. Nc3 Na6 8. e4
Qc7 9. Bf4 Nh5 10. Be3 Bg4 11. Qd2 Bxf3 12. Bxf3 Nf6 13. Bh6 e5 14. Bxg7 Kxg7
15. Ne2 exd4 16. Nxd4 Nc5 17. Rfe1 Rfe8 18. Qc2 Re7 19. Nb3 Nxb3 20. Qxb3 Kg8
21. Qc3 Re6 22. a3 Rae8 23. Qc2 d5 24. cxd5 Nxd5 25. Re2 Nf6 26. Rae1 Nd7 27.
Bg4 R6e7 28. Bf3 Nc5 29. Bg2 Rd8 30. Rd1 Rxd1+ 31. Qxd1 Rd7 32. Rd2 Rxd2 33.
Qxd2 Qb6 34. Qc3 f6 35. b4 Qc7 36. f4 Nd7 37. Bh3 Qd6 38. Bxd7 Qxd7 39. Qxf6
Qd1+ 40. Kg2 Qe2+ 41. Kh3 Qxe4 42. Qd8+ Kf7 43. Qc7+ Qe7 44. Qxe7+ Kxe7 45. g4
b6 46. Kg3 c5 47. bxc5 bxc5 48. Kf3 h5 49. h3 Ke6 50. Ke4 a6 51. a4 a5 52. f5+
gxf5+ 53. gxf5+ Kd6 54. h4 Ke7 55. Kd5 Kf6 56. Kxc5 Kxf5 57. Kb5 Kg4 58. Kxa5
Kxh4 59. Kb6 Kg3 60. a5 h4 61. a6 h3 62. a7 Kf2 63. a8=Q Kg1 64. Qa1+ Kg2 65.
Qb2+ Kh1 66. Qc1+ Kg2 67. Qc2+ Kg1 68. Qd1+ Kg2 69. Qg4+ Kh2 70. Kc5 1-0

[Event "24. Torneo San Viator"]
[Site "Madrid ESP"]
[Date "2015.03.22"]
[Round "1.24"]
[White "Blanco Diez, David"]
[Black "Brasa Olmos, Joaquin"]
[Result "1-0"]
[WhiteElo "1645"]
[BlackElo "1508"]
[PlyCount "79"]
[EventDate "2015.03.22"]
[EventType "swiss"]
[EventRounds "9"]
[EventCountry "ESP"]
[Source "lmi"]
[SourceDate "2015.03.22"]

1. d4 d5 2. c4 e6 3. Nc3 Nf6 4. cxd5 Nxd5 5. e4 Nxc3 6. bxc3 c5 7. Be3 Be7 8.
Nf3 O-O 9. Bd3 b6 10. Qc2 Ba6 11. O-O Bxd3 12. Qxd3 Nd7 13. Rfd1 Rc8 14. Rac1
cxd4 15. cxd4 Rxc1 16. Rxc1 Nc5 17. Qc2 Nd7 18. Qc7 Nf6 19. Qb7 Ba3 20. Rc2 Bc5
21. h3 Re8 22. Ne5 Be7 23. Nc6 Qd7 24. Qxd7 Nxd7 25. Nxe7+ Rxe7 26. Rc7 f6 27.
d5 exd5 28. exd5 Rf7 29. Rxa7 Nc5 30. Rxf7 Kxf7 31. Bxc5 bxc5 32. a4 c4 33. Kf1
Ke7 34. a5 Kd6 35. a6 c3 36. Ke2 Kxd5 37. a7 Kc4 38. a8=Q Kb3 39. Qc6 Kb2 40.
Kd3 1-0

[Event "24. Torneo San Viator"]
[Site "Madrid ESP"]
[Date "2015.03.22"]
[Round "1.25"]
[White "Porris Rebollar, Ivan"]
[Black "Lizon Martinez, Santiago"]
[Result "0-1"]
[WhiteElo "1506"]
[BlackElo "1628"]
[PlyCount "74"]
[EventDate "2015.03.22"]
[EventType "swiss"]
[EventRounds "9"]
[EventCountry "ESP"]
[Source "lmi"]
[SourceDate "2015.03.22"]

1. d4 Nf6 2. e3 e6 3. Nf3 b6 4. Be2 Bb7 5. c4 c5 6. Nc3 d6 7. O-O Nbd7 8. Qb3
Be7 9. Rd1 O-O 10. d5 exd5 11. cxd5 Ne5 12. e4 Ne8 13. Nxe5 dxe5 14. a4 Nd6 15.
f3 f5 16. Nb5 fxe4 17. fxe4 Kh8 18. a5 Nxe4 19. a6 Bc8 20. Qe3 Bf5 21. Bf3 Nd6
22. Be2 Bf6 23. g4 Nxb5 24. gxf5 Nd4 25. Qe4 Bg5 26. Bg4 Qf6 27. Rf1 Rae8 28.
Kg2 Bxc1 29. Raxc1 Qg5 30. h4 Qd2+ 31. Kg1 Rf6 32. Bh5 Ref8 33. Qxe5 Nxf5 34.
Bg4 Ne3 35. Bh3 Nxf1 36. Rxf1 Rxf1+ 37. Bxf1 Qf2+ 0-1